00493nam a2200181Ia 450000500170000000800410001704000190005804100120007708200170008910000210010624500670012726000340019430000140022850400190024265000140026165100250027585000110030020240427150452.0131103s9999 xx 000 0 und d aLoreto College aEnglish a371.33 bHOR aHorsburgh, David aHow to Use the Blackboard in Teaching EnglishcDavid Horsburgh aBombaybOrient Longmansc1967 a60b ill. aIncludes index aEducation aElementary education aLCBED